Anagrammi dei Calciatori - Quiz n°17 - Statistics

Statistiche generali
  • Questo quiz è stato fatto 5 volte
  • Il punteggio medio è 5 su 10
Statistiche sulle risposte
Anagramma Calciatore % Corretto
viojc Jovic
100%
aebl Bale
75%
zeraus Suarez
75%
diva Vida
75%
džlamiei Džemaili
50%
eofinlrz Florenzi
25%
ircska Krasic
25%
lnleevi Neville
25%
psrei Pires
25%
moroair Romario
0%
Nessun quiz corrispondente trovato
Distribuzione punteggi
Percentuale di utenti per punteggio
Percentile per numero di risposta
I tuoi punteggi nel tempo
Non hai fatto questo quiz